| 000 | 01881nam0a22002531 4500 | ||
|---|---|---|---|
| 001 | rc\3807051 | ||
| 005 | 20250530055729.0 | ||
| 021 |
_aRU _bРг6615-75 |
||
| 021 |
_aRU _b75-28871 |
||
| 035 | _a(NLR Aleph) 007258732 | ||
| 090 |
_a5284235 _c5284235 |
||
| 100 | _a20120329d1975 |||y0rusy50 ca | ||
| 101 | 0 | _arus | |
| 102 | _aRU | ||
| 105 | _ay z ||||| | ||
| 200 | 1 |
_aРекомендации научно-производственной конференции "Экономические, правовые и социальные проблемы рационального использования и охраны земельных ресурсов Украинской ССР" _fАН УССР. Совет по изучению производит. сил УССР. Гос. план. ком. Совета Министров УССР. Гос. ком. Совета Министров УССР по охране природы. М-во с. х. УССР. Юж. отд-ние Всесоюз. акад. с.-х. наук им. В.И. Ленина. Межресп. регион. Совет АН БССР, АН УССР, АН МССР по проблемам Полесья и Приднестровья. О-во охраны природы УССР. Выставка передового опыта в нар. хоз-ве УССР, павильон "Наука" АН СССР |
|
| 210 |
_aКиев _cБ. и. _d1975 |
||
| 215 |
_a11 с. _d20 |
||
| 710 | 1 | 2 | _a"Экономические, правовые и социальные проблемы рационального использования и охраны земельных ресурсов Украинской ССР", науч.-производственная конференция (1974; Киев) |
| 801 | 0 |
_aRU _bNLR _gpsbo |
|
| 801 | 1 |
_aRU _bELAR _2rusmarc |
|
| 852 |
_aNLR _j75-4/2499 |
||
| 942 | _cBOOK | ||
| 980 | _aNB | ||